[Event "Marienbad Open 2025 - B1 IM Round Robin"]
[Site "Continental hotel, Marianske Lazne"]
[Date "2025.01.20"]
[Round "3"]
[Board "3"]
[White "Garsky, Vladyslav"]
[Black "Del Rey, Diego"]
[Result "1/2-1/2"]
[WhiteElo "2163"]
[BlackElo "2275"]
[PlyCount "0"]
[EventDate "2025.01.18"]
[EventRounds "9"]
[EventCountry "CZE"]

1. e4 d6 2. d4 Nf6 3. Bd3 e5 4. Nf3 Nc6 5. dxe5 Nxe5 6. Nxe5 dxe5 7. Qe2 Bc5 8. Bg5
h6 9. Bh4 Qe7 10. Nd2 Be6 11. c3 O-O-O 12. Nc4 Bxc4 13. Bxc4 Rd7 14. Rd1 Rhd8 15.
Rd3 Rxd3 16. Bxd3 Qd6 17. Kd2 g5 18. Bg3 Nh5 19. Bxe5 Qxe5 20. Qxh5 Qf4+ 21. Kc2
Qxf2+ 22. Qe2 Qxe2+ 23. Bxe2  1/2-1/2

[Event "Marienbad Open 2025 - B1 IM Round Robin"]
[Site "Continental hotel, Marianske Lazne"]
[Date "2025.01.20"]
[Round "3"]
[Board "4"]
[White "Smolik, Jachym"]
[Black "Smietanska, Wiktoria"]
[Result "1-0"]
[WhiteElo "2309"]
[BlackElo "2157"]
[PlyCount "0"]
[EventDate "2025.01.18"]
[EventRounds "9"]
[EventCountry "CZE"]

1. Nf3 d5 2. e3 Nf6 3. c4 e6 4. Nc3 c5 5. cxd5 Nxd5 6. Qc2 Nc6 7. b3 Be7 8. Bb2 O-O
9. a3 b6 10. h4 h6 11. g4 Bb7 12. Rh3 Na5 13. g5 h5 14. Ne4 Bd6 15. Nxd6 Qxd6 16.
Ne5 Nc6 17. Nxc6 Bxc6 18. Be2 g6 19. f4 a5 20. Rc1 Rfc8 21. Be5 Qd7 22. e4 Nc7 23.
Rd3 Qe8 24. Rd6 a4 25. Ba1 axb3 26. Qb2 e5 27. Rxc6 Qxc6 28. Qxe5 f6 29. gxf6 Kh7
30. Qe7+  1-0

[Event "Marienbad Open 2025 - B1 IM Round Robin"]
[Site "Continental hotel, Marianske Lazne"]
[Date "2025.01.20"]
[Round "3"]
[Board "5"]
[White "Dylong, Antoni"]
[Black "Papasimakopoulos, Alexandros"]
[Result "0-1"]
[WhiteElo "2217"]
[BlackElo "2379"]
[PlyCount "0"]
[EventDate "2025.01.18"]
[EventRounds "9"]
[EventCountry "CZE"]

1. e4 c6 2. d4 g6 3. Nc3 Bg7 4. h3 d6 5. Nf3 Nf6 6. Bd3 O-O 7. O-O Nbd7 8. Ne2 e5
9. c3 d5 10. dxe5 Nxe4 11. e6 Ndc5 12. exf7+ Rxf7 13. Bxe4 Nxe4 14. Ng3 Nxg3 15.
fxg3 Qb6+ 16. Kh2 Bd7 17. Qc2 Re8 18. Bf4 Rfe7 19. Rfe1 Qa6 20. Rxe7 Rxe7 21. Re1
Rxe1 22. Nxe1 Bf5 23. Qf2 b6 24. a3 Qc8 25. Nf3 Qe8 26. Qd2 Qe4 27. Bh6 Bf6 28. Bg5
Bh8 29. Bh4 Bg7 30. g4 Bd7 31. Qg5 Qe8 32. Qf4 Qc8 33. Bf6 Bf8 34. Be5 Be7 35. Bd6
Qf8 36. Qxf8+ Kxf8 37. Bb8 a6 38. Bc7 Bc5 39. Nd4 Ke7 40. g3 Bc8 41. b4 Kd7 42. Bf4
Bf8 43. Be5 c5 44. Nc2 Kc6 45. Kg2 Kb5 46. Kf3 Bb7 47. Kf4 Kc4 48. Kg5 d4 49. cxd4
cxb4 50. axb4 Be4 51. Ne3+ Kd3 52. Nd1 Bd5 53. Bc7 b5 54. Ba5 Bg7  0-1

[Event "Marienbad Open 2025 - B1 IM Round Robin"]
[Site "Continental hotel, Marianske Lazne"]
[Date "2025.01.21"]
[Round "4"]
[Board "1"]
[White "Prazak, Daniel"]
[Black "Papasimakopoulos, Alexandros"]
[Result "1/2-1/2"]
[WhiteElo "2314"]
[BlackElo "2379"]
[PlyCount "0"]
[EventDate "2025.01.18"]
[EventRounds "9"]
[EventCountry "CZE"]

1. e4 c6 2. d4 d5 3. e5 Bf5 4. Nf3 e6 5. Be2 c5 6. c3 cxd4 7. Nxd4 Ne7 8. O-O Nbc6
9. Nxf5 Nxf5 10. Bd3 g6 11. Qe2  1/2-1/2

[Event "Marienbad Open 2025 - B1 IM Round Robin"]
[Site "Continental hotel, Marianske Lazne"]
[Date "2025.01.21"]
[Round "4"]
[Board "2"]
[White "Smietanska, Wiktoria"]
[Black "Dylong, Antoni"]
[Result "1/2-1/2"]
[WhiteElo "2157"]
[BlackElo "2217"]
[PlyCount "0"]
[EventDate "2025.01.18"]
[EventRounds "9"]
[EventCountry "CZE"]

1. d4 c5 2. d5 g6 3. e4 Bg7 4. Nc3 d6 5. Bc4 Nf6 6. Nf3 O-O 7. O-O Bg4 8. h3 Bxf3
9. Qxf3 Nbd7 10. Be2 Ne8 11. Qg3 Nc7 12. h4 Rb8 13. a4 a6 14. a5 b5 15. axb6 Rxb6
16. h5 Qb8 17. Ra3 Nf6 18. hxg6 hxg6 19. f4 e6 20. dxe6 Nxe6 21. f5 Nd4 22. fxg6
Nxe2+ 23. Nxe2 Qe8 24. gxf7+ Rxf7 25. Qg6 d5 26. Ng3 Re7 27. Nf5 Rd7 28. Qxe8+ Nxe8
29. exd5 Bd4+ 30. Be3 Bxb2 31. Ra4 Nf6 32. d6 Kf7 33. Bxc5 Rc6 34. Bb4 Rc4 35. Rb1
Bc3 36. Rb3 Bxb4 37. Rbxb4 Rxc2 38. Rxa6 Rd2 39. Rb3 Ne4 40. Rf3 Ke6 41. g4 Nxd6
42. Rf2 Rd3 43. Kg2 Ke5 44. Ra5+ Ke6 45. Nh4 Ne4 46. Ra6+ R7d6 47. Rxd6+ Kxd6 48.
Re2 Rg3+ 49. Kh2 Rxg4 50. Kh3 Rg3+ 51. Kh2 Rg4  1/2-1/2

[Event "Marienbad Open 2025 - B1 IM Round Robin"]
[Site "Continental hotel, Marianske Lazne"]
[Date "2025.01.21"]
[Round "4"]
[Board "3"]
[White "Del Rey, Diego"]
[Black "Smolik, Jachym"]
[Result "1/2-1/2"]
[WhiteElo "2275"]
[BlackElo "2309"]
[PlyCount "0"]
[EventDate "2025.01.18"]
[EventRounds "9"]
[EventCountry "CZE"]

1. e4 c6 2. d4 d5 3. Nd2 dxe4 4. Nxe4 Nf6 5. Nxf6+ exf6 6. c3 Bd6 7. Bd3 O-O 8. Ne2
Re8 9. O-O Nd7 10. Ng3 g6 11. Bh6 f5 12. Qd2 Nf8 13. Rfe1 Be6 14. Re2 Be7 15. Rae1
Qd7 16. a4 a6 17. Bg5 f6 18. Bh6 Bf7 19. b4 a5 20. b5 Bd6 21. Rxe8 Rxe8 22. Rxe8
Qxe8 23. Ne2 Ne6 24. g3 Nc7 25. Bf4 Bxf4 26. Qxf4 Nd5 27. Qd2 Nb6 28. Qc2 Nc4 29.
bxc6 Qxc6 30. Nf4 Na3 31. Qb2 Qxa4 32. Qxb7 Qd1+ 33. Kg2 g5 34. Be2 Qb3 35. Qc8+
Kg7 36. Nh5+ Bxh5 37. Bxh5 Nc2 38. Qd7+ Kh6 39. Bf7 Qb1 40. Bg8 Ne1+ 41. Kf1 Nf3+
42. Kg2 Ne1+ 43. Kf1  1/2-1/2

[Event "Marienbad Open 2025 - B1 IM Round Robin"]
[Site "Continental hotel, Marianske Lazne"]
[Date "2025.01.21"]
[Round "4"]
[Board "4"]
[White "Dunnington, Angus J"]
[Black "Garsky, Vladyslav"]
[Result "1/2-1/2"]
[WhiteElo "2259"]
[BlackElo "2163"]
[PlyCount "0"]
[EventDate "2025.01.18"]
[EventRounds "9"]
[EventCountry "CZE"]

1. Nf3 Nf6 2. g3 d5 3. Bg2 c5 4. O-O Nc6 5. d4 e6 6. c4 dxc4 7. dxc5 Qxd1 8. Rxd1
Bxc5 9. Nbd2 c3 10. bxc3 Bd7 11. Nb3 Be7 12. Nfd4 O-O 13. Nb5 Rfd8 14. Bf4 Be8 15.
Nc7 Rac8 16. Rxd8 Nxd8 17. Nxe8 Nxe8 18. Rc1  1/2-1/2

[Event "Marienbad Open 2025 - B1 IM Round Robin"]
[Site "Continental hotel, Marianske Lazne"]
[Date "2025.01.21"]
[Round "4"]
[Board "5"]
[White "Xu, Yang"]
[Black "Jurek, Josef"]
[Result "1-0"]
[WhiteElo "2238"]
[BlackElo "2196"]
[PlyCount "0"]
[EventDate "2025.01.18"]
[EventRounds "9"]
[EventCountry "CZE"]

1. e4 c5 2. d3 Nc6 3. g3 g6 4. Bg2 Bg7 5. f4 d6 6. Nf3 Bg4 7. Nbd2 e5 8. h3 Bxf3
9. Nxf3 Nge7 10. O-O O-O 11. f5 gxf5 12. Ng5 f4 13. gxf4 exf4 14. Rxf4 h6 15. Nf3
Ng6 16. Rf5 Nd4 17. Rh5 Ne6 18. c3 Nef4 19. Rf5 Ne6 20. Be3 Ne7 21. Rh5 f5 22. Bxh6
Rf6 23. Bxg7 Kxg7 24. Nh4 f4 25. Qg4+ Ng6 26. e5 dxe5 27. Be4 Nef8 28. Rg5 Qb6 29.
Kh1 Re8 30. Nxg6 Nxg6 31. Qd7+ Kf8 32. Rag1 Ne7 33. Rg8+  1-0

[Event "Marienbad Open 2025 - B1 IM Round Robin"]
[Site "Continental hotel, Marianske Lazne"]
[Date "2025.01.21"]
[Round "5"]
[Board "1"]
[White "Jurek, Josef"]
[Black "Prazak, Daniel"]
[Result "0-1"]
[WhiteElo "2196"]
[BlackElo "2314"]
[PlyCount "0"]
[EventDate "2025.01.18"]
[EventRounds "9"]
[EventCountry "CZE"]

1. Nf3 d5 2. g3 c6 3. Bg2 Bf5 4. b3 h6 5. Bb2 e6 6. d3 Nf6 7. Nbd2 Be7 8. e4 Bh7
9. O-O O-O 10. Qe2 a5 11. a3 Nbd7 12. Ne5 Nxe5 13. Bxe5 Qb6 14. a4 Nd7 15. Bb2 Bf6
16. Bxf6 Nxf6 17. h3 Rad8 18. Rad1 Qc5 19. c4 Qb4 20. f4 Qc3 21. Kh2 dxe4 22. dxe4
Qc2 23. f5 exf5 24. exf5 Bxf5 25. Qf2 Bg6 26. Bf3 Rd7 27. Rg1 Rfd8 28. Rg2 Qc3 29.
Nb1 Qxb3 30. Rxd7 Rxd7 31. Nd2 Rxd2 32. Qxd2 Qxf3 33. Rf2 Qh5 34. Rf4 Be4 35. Qe1
Qe5  0-1

[Event "Marienbad Open 2025 - B1 IM Round Robin"]
[Site "Continental hotel, Marianske Lazne"]
[Date "2025.01.21"]
[Round "5"]
[Board "2"]
[White "Garsky, Vladyslav"]
[Black "Xu, Yang"]
[Result "0-1"]
[WhiteElo "2163"]
[BlackElo "2238"]
[PlyCount "0"]
[EventDate "2025.01.18"]
[EventRounds "9"]
[EventCountry "CZE"]

1. e4 c6 2. d4 d5 3. e5 c5 4. dxc5 Nc6 5. Nf3 e6 6. Be3 Nh6 7. c3 Nf5 8. Bd4 Bd7
9. Nbd2 b6 10. cxb6 Nfxd4 11. Nxd4 Nxd4 12. b7 Rb8 13. cxd4 Qh4 14. Bd3 Qxd4 15.
Qe2 Rxb7 16. O-O Rxb2 17. Rab1 Rb6 18. Nf3 Qa4 19. Qe3 Be7 20. Rxb6 axb6 21. Qxb6
O-O 22. Qb7 Rd8 23. Bb1 g6 24. Rc1 Ba3 25. Re1 Rc8 26. h4 Bb4 27. Rf1 Qb5 28. Qa7
Bc5 29. a4 Qxf1+  0-1

[Event "Marienbad Open 2025 - B1 IM Round Robin"]
[Site "Continental hotel, Marianske Lazne"]
[Date "2025.01.21"]
[Round "5"]
[Board "3"]
[White "Smolik, Jachym"]
[Black "Dunnington, Angus J"]
[Result "1/2-1/2"]
[WhiteElo "2309"]
[BlackElo "2259"]
[PlyCount "0"]
[EventDate "2025.01.18"]
[EventRounds "9"]
[EventCountry "CZE"]

1. c4 g6 2. Nc3 Bg7 3. g3 Nf6 4. Bg2 O-O 5. e3 c6 6. Nge2 d5 7. cxd5 cxd5 8. d4 Nc6
9. Nf4 e6 10. O-O b6 11. Nd3 Bb7 12. b4 Rc8 13. Bd2 Ne7 14. Qa4 a6 15. Rfc1 Ne4 16.
Qd1 Nxd2 17. Qxd2 Nf5 18. a4 Nd6 19. f4  1/2-1/2

[Event "Marienbad Open 2025 - B1 IM Round Robin"]
[Site "Continental hotel, Marianske Lazne"]
[Date "2025.01.21"]
[Round "5"]
[Board "4"]
[White "Dylong, Antoni"]
[Black "Del Rey, Diego"]
[Result "1/2-1/2"]
[WhiteElo "2217"]
[BlackElo "2275"]
[PlyCount "0"]
[EventDate "2025.01.18"]
[EventRounds "9"]
[EventCountry "CZE"]

1. e4 e5 2. Nf3 Nc6 3. Nc3 Nf6 4. a3 d6 5. d4 Be7 6. Be2 O-O 7. O-O Bg4 8. Be3 Bxf3
9. Bxf3 exd4 10. Bxd4 Nxd4 11. Qxd4 c6 12. Rad1 Qc7 13. Ne2 Rfe8 14. Ng3 g6 15. Rfe1
Nd7 16. Bg4 Nf6 17. Bf3 Qb6 18. Qxb6 axb6 19. e5 dxe5 20. Rxe5 Bc5 21. Rxe8+ Rxe8
22. c4 h5 23. b4 Bf8 24. Kf1 h4 25. Ne2 Ra8 26. b5 cxb5 27. cxb5 Rxa3 28. Bxb7 Bc5
29. h3 Ne8 30. Rd8 Ra1+ 31. Nc1 Rxc1+ 32. Ke2 Rc2+ 33. Kd3 Rxf2 34. Rxe8+ Kg7 35.
Re2 Rf1 36. Bc6 Kf6 37. Re4 g5 38. Re8 Kf5 39. Bd7+ Kf4 40. Re4+ Kg3 41. Rg4+ Kh2
42. Bc6 f6 43. Rc4 Bg1 44. Rc2 Bf2 45. Ke2 Kg1 46. Rd2 Re1+ 47. Kf3 Bg3 48. Kg4 Rb1
49. Re2 Rb4+ 50. Kf5 Rf4+ 51. Kg6 Rf1 52. Bb7 Be5 53. g3 Rb1 54. gxh4 gxh4 55. Bc6
Rb3 56. Bd7 Rd3 57. Be6 Rg3+ 58. Kf7 Rg5 59. Bd7 Rh5 60. Kg6 Rh8 61. Be6 Kf1 62.
Rc2 Rd8 63. Rc4 Rd6 64. Kf7  1/2-1/2

[Event "Marienbad Open 2025 - B1 IM Round Robin"]
[Site "Continental hotel, Marianske Lazne"]
[Date "2025.01.21"]
[Round "5"]
[Board "5"]
[White "Papasimakopoulos, Alexandros"]
[Black "Smietanska, Wiktoria"]
[Result "1-0"]
[WhiteElo "2379"]
[BlackElo "2157"]
[PlyCount "0"]
[EventDate "2025.01.18"]
[EventRounds "9"]
[EventCountry "CZE"]

1. Nf3 d5 2. b3 Nf6 3. Bb2 g6 4. c4 c6 5. e3 Bg7 6. Be2 O-O 7. O-O Nbd7 8. d4 b6
9. Nc3 Bb7 10. cxd5 cxd5 11. b4 Ne4 12. Qb3 Ndf6 13. Rfc1 a6 14. b5 Nxc3 15. Qxc3
Rc8 16. Qa3 a5 17. Ne5 Ne4 18. Nc6 Bxc6 19. bxc6 Qc7 20. Qb3 Rfd8 21. f3 Nf6 22.
Rab1 Bh6 23. a4 Rd6 24. Ba6 Rb8 25. Bb7 Re6 26. Rc3 Rxb7 27. cxb7 Qxb7 28. Rbc1 b5
29. f4 b4 30. Rc5 Qa6 31. Rb5 Ng4 32. Qxd5 Rxe3 33. Qd8+ Kg7 34. d5+ Nf6 35. Rb8
 1-0

[Event "Marienbad Open 2025 - B1 IM Round Robin"]
[Site "Continental hotel, Marianske Lazne"]
[Date "2025.01.22"]
[Round "6"]
[Board "1"]
[White "Prazak, Daniel"]
[Black "Smietanska, Wiktoria"]
[Result "1-0"]
[WhiteElo "2314"]
[BlackElo "2157"]
[PlyCount "0"]
[EventDate "2025.01.18"]
[EventRounds "9"]
[EventCountry "CZE"]

1. e4 c5 2. Nc3 Nc6 3. Bb5 Nd4 4. Nf3 g6 5. Bc4 Bg7 6. Nxd4 cxd4 7. Qf3 e6 8. Nb5
d6 9. Qa3 Bf8 10. Nxd4 Nf6 11. Bb5+ Bd7 12. Bxd7+ Qxd7 13. Qf3 Bg7 14. O-O O-O 15.
d3 Qc7 16. c3 a6 17. Qe2 d5 18. Nf3 b5 19. Bg5 h6 20. Bxf6 Bxf6 21. a3 Rab8 22. Rac1
a5 23. e5 Be7 24. d4 Rfc8 25. Qe3 Kg7 26. Nd2 b4 27. axb4 axb4 28. c4 dxc4 29. Nxc4
Rd8 30. b3 Qd7 31. Rfd1 Bc5 32. Qf4 Bxd4 33. Nd6 Bc3 34. Rd3 Qe7 35. Rcd1 Ra8 36.
Rf3 f6 37. exf6+ Bxf6 38. Rfd3 Bc3 39. Ne8+ Kg8 40. Nd6 Kg7 41. g3 Rf8 42. Qe3 Rad8
43. Ne4 Rxd3 44. Qxd3 Rc8 45. Qa6 Rc7 46. Rd6 Kf7 47. Kg2 Rd7 48. Rb6 Be5 49. Qc4
Rb7 50. Ra6 Rd7 51. Ra5 Bd6 52. Rb5 Rc7 53. Qd4 Rd7 54. Qh8 Rd8 55. Qh7+ Kf8 56.
Qxh6+ Qg7 57. Qxg7+ Kxg7 58. Nxd6 Rxd6 59. Rxb4 Rd2 60. Rb8 Rb2 61. b4 Kf7 62. b5
Rb3 63. b6 Kg7 64. h4 Rb2 65. b7 Rb3 66. f4 Kh7 67. Kf2 Rb5 68. Re8 Rxb7 69. Rxe6
Rb3 70. Re3 Rb1 71. Kf3 Kg7 72. Kg4 Rh1 73. Ra3 Rb1 74. h5 gxh5+ 75. Kxh5 Rb5+ 76.
Kg4 Rb6 77. Kf3 Kf6 78. g4 Rb1 79. Ra6+ Kf7 80. g5 Rb3+ 81. Kg4 Rb4 82. g6+ Kg7 83.
Kg5 Rb1 84. Ra7+ Kg8 85. f5 Kf8 86. Ra8+ Ke7 87. f6+ Ke6 88. Re8+  1-0

[Event "Marienbad Open 2025 - B1 IM Round Robin"]
[Site "Continental hotel, Marianske Lazne"]
[Date "2025.01.22"]
[Round "6"]
[Board "2"]
[White "Del Rey, Diego"]
[Black "Papasimakopoulos, Alexandros"]
[Result "0-1"]
[WhiteElo "2275"]
[BlackElo "2379"]
[PlyCount "0"]
[EventDate "2025.01.18"]
[EventRounds "9"]
[EventCountry "CZE"]

1. d4 e6 2. Nf3 Nf6 3. c4 c5 4. e3 d5 5. Nc3 Nc6 6. a3 cxd4 7. exd4 Be7 8. Bd3 dxc4
9. Bxc4 O-O 10. O-O b6 11. Bg5 Bb7 12. Qd3 h6 13. Bh4 Nh5 14. Bg3 Nxg3 15. hxg3 Bf6
16. Rad1 Ne7 17. Ba2 Rc8 18. Rfe1 Nd5 19. Bb1 g6 20. Ne4 Bg7 21. Ne5 Rc7 22. Qd2
Nf6 23. Nc3 a6 24. g4 Nd7 25. Qe3 Qh4 26. Be4 Nxe5 27. dxe5 Bxe5 28. g3 Qf6 29. Qxb6
Bxc3 30. bxc3 Bxe4 31. Qxc7 Qf3 32. Rxe4 Qxd1+ 33. Kh2 Qd5 34. Qc4 Qa8 35. Qe2 a5
36. Re5 Qc6 37. Qe3 a4 38. Qd4 Rb8 39. Rc5 Qf3 40. Rc4 e5 41. Qe3 Qxe3 42. fxe3 Rb3
43. Rxa4 Rxc3 44. e4 Rc2+ 45. Kg1 Kg7 46. Kf1 Kf6 47. Ra7 Rc4 48. Kf2 Rxe4 49. Kf3
Rc4 50. a4 Kg5 51. a5 f6 52. a6 Ra4 53. Ra8 e4+ 54. Ke3 Kxg4 55. a7 g5  0-1

[Event "Marienbad Open 2025 - B1 IM Round Robin"]
[Site "Continental hotel, Marianske Lazne"]
[Date "2025.01.22"]
[Round "6"]
[Board "3"]
[White "Dunnington, Angus J"]
[Black "Dylong, Antoni"]
[Result "1/2-1/2"]
[WhiteElo "2259"]
[BlackElo "2217"]
[PlyCount "0"]
[EventDate "2025.01.18"]
[EventRounds "9"]
[EventCountry "CZE"]

1. d4 Nf6 2. Nf3 e6 3. g3 d5 4. Bg2 Be7 5. c4 O-O 6. Qc2 dxc4 7. Qxc4 a6 8. Bf4 Nd5
9. Nc3 b5 10. Qd3 Bb7 11. Nxd5 Bxd5 12. O-O Nd7 13. Rfd1 Nf6 14. Ne5 Bxg2 15. Kxg2
Qd5+ 16. Kg1 Bd6 17. Qc2 Qe4 18. Qxe4 Nxe4 19. Rac1 f6 20. Nd3 e5 21. Be3 exd4 22.
Bxd4 Ng5 23. Bc5 Bxc5 24. Rxc5 Ne6 25. Rc6 Nd4 26. Rxc7 Nxe2+ 27. Kf1 Nd4 28. Nf4
Rad8 29. Ra7 Nf3 30. Rxd8 Rxd8 31. Rxa6 Rd2 32. Ra8+ Kf7 33. Ra7+ Ke8 34. Rxg7 Rxb2
35. Rxh7 Rxa2 36. h4 Nd2+ 37. Kg1 b4 38. Rb7 b3 39. Nd3 Kd8 40. Kg2 Kc8 41. Rb5 Rc2
42. h5 Kd7 43. Nc5+ Ke7 44. Nxb3 Ne4 45. Rf5 Rb2 46. Nd4 Rd2 47. Nb5 Kf7 48. g4 Rb2
49. Nc7 Rd2 50. Rf4 Ng5 51. Nb5 Ne6 52. Rc4 Kg7 53. Nc3 Rc2 54. Re4 Ng5 55. Re3 f5
56. gxf5 Kh6 57. Ne4 Nxe4 58. Rxe4 Kxh5 59. Re8 Kg5 60. Rf8 Rc4 61. f6 Kg6 62. Kg3
Ra4 63. f3 Rb4 64. f7 Kg7 65. Rc8 Kxf7 66. Rc6 Rb3 67. Kg4 Rb4+ 68. f4 Rb5 69. f5
Rb1  1/2-1/2

[Event "Marienbad Open 2025 - B1 IM Round Robin"]
[Site "Continental hotel, Marianske Lazne"]
[Date "2025.01.22"]
[Round "6"]
[Board "4"]
[White "Xu, Yang"]
[Black "Smolik, Jachym"]
[Result "1-0"]
[WhiteElo "2238"]
[BlackElo "2309"]
[PlyCount "0"]
[EventDate "2025.01.18"]
[EventRounds "9"]
[EventCountry "CZE"]

1. Nf3 c5 2. e4 Nc6 3. d3 g6 4. g3 Bg7 5. Bg2 d6 6. c3 e5 7. Bg5 Nf6 8. Na3 h6 9.
Bxf6 Bxf6 10. Nc4 b5 11. Ne3 Rb8 12. h4 h5 13. Bh3 Bb7 14. Nd5 Bg7 15. Ng5 O-O 16.
g4 hxg4 17. Qxg4 Ne7 18. h5 Nxd5 19. exd5 Bxd5 20. hxg6 f5 21. Bg2 e4 22. Qh5 Rf6
23. dxe4 Qe8 24. O-O-O Bxa2 25. exf5 Rxf5 26. Rhe1 Re5 27. Re4 Rxe4 28. Bxe4 Qe5
29. Rd3 Kf8 30. Rf3+ Ke8 31. Re3 Kd8 32. Bb1 Qf4 33. Bxa2 Qxf2 34. Ne6+ Kd7 35. Nxc5+
Kc7 36. Ne6+ Kb6 37. Qe2  1-0

[Event "Marienbad Open 2025 - B1 IM Round Robin"]
[Site "Continental hotel, Marianske Lazne"]
[Date "2025.01.22"]
[Round "6"]
[Board "5"]
[White "Jurek, Josef"]
[Black "Garsky, Vladyslav"]
[Result "1-0"]
[WhiteElo "2196"]
[BlackElo "2163"]
[PlyCount "0"]
[EventDate "2025.01.18"]
[EventRounds "9"]
[EventCountry "CZE"]

1. Nf3 d5 2. d4 Nf6 3. c4 e6 4. g3 Bb4+ 5. Bd2 Be7 6. Bg2 O-O 7. O-O c6 8. Qc2 b6
9. b3 Ba6 10. Rd1 Nbd7 11. Bf4 Rc8 12. Nc3 dxc4 13. e4 Bb4 14. Nd2 Qe7 15. Nxc4 Bxc4
16. bxc4 e5 17. dxe5 Nxe5 18. Ne2 Rfe8 19. Nd4 Bc5 20. Nb3 Bb4 21. Nd4 Qc5 22. a3
Bxa3 23. Qb3 Bb4 24. Rxa7 Qxc4 25. Qxc4 Nxc4 26. e5 Ng4 27. Nxc6 Bc5 28. Bd5 Bxf2+
29. Kh1 Ncxe5 30. Bxe5 Nxe5 31. Ne7+ Kh8 32. Nxc8 Rxc8 33. Bxf7 Bc5 34. Bd5 Rf8 35.
Ra8 Rxa8 36. Bxa8 g6 37. Rd5 Ng4 38. Rd7 Nf6 39. Rc7 Kg8 40. Kg2 Kf8 41. Bc6 h6 42.
Kf3 g5 43. Rb7 Kg8 44. Bb5 Kf8 45. Bc4 Ke8 46. g4 Bd4 47. h3 Kd8 48. Be6 Ke8 49.
Ke2 Kd8 50. Kd3 Be5 51. Rxb6 Ke7 52. Bc4 Kf8 53. Rb7 h5 54. gxh5 Nxh5 55. Ke4 Bf4
56. Kf5 Ng3+ 57. Kg6 Ne4 58. Rf7+ Ke8 59. Bb5+ Kd8 60. Rd7+ Kc8 61. Rd4 Nd6 62. Ba6+
Kc7 63. h4  1-0

[Event "Marienbad Open 2025 - B1 IM Round Robin"]
[Site "Continental hotel, Marianske Lazne"]
[Date "2025.01.23"]
[Round "7"]
[Board "1"]
[White "Garsky, Vladyslav"]
[Black "Prazak, Daniel"]
[Result "0-1"]
[WhiteElo "2163"]
[BlackElo "2314"]
[PlyCount "0"]
[EventDate "2025.01.18"]
[EventRounds "9"]
[EventCountry "CZE"]

1. e4 d5 2. exd5 Qxd5 3. Nf3 Bg4 4. Be2 Nc6 5. d4 O-O-O 6. c4 Qf5 7. Be3 Bxf3 8.
Bxf3 Nxd4 9. Bxd4 Qe6+ 10. Qe2 Qxe2+ 11. Kxe2 Rxd4 12. b3 e6 13. Nc3 c6 14. Rad1
Rxd1 15. Rxd1 Nh6 16. g3 Be7 17. Bg2 Ng4 18. h3 Ne5 19. f4 Nd7 20. Be4 g6 21. Bc2
f5 22. Kf3 Rd8 23. g4 Rf8 24. Re1 Bb4 25. Re3 Bxc3 26. Rxc3 Nb6 27. Re3 Kd7 28. Kg3
Ke7 29. gxf5 gxf5 30. Kh4 Kf6 31. Rd3 Nc8 32. Kg3 Ke7 33. Kh4 Kf6 34. Kg3 c5 35.
a3 Rf7 36. b4 Rc7 37. b5 Nb6 38. Rc3 Rg7+ 39. Kf2 Rd7 40. Bb3 Rd4 41. Kf3 Nc8 42.
Bc2 Ne7  0-1

[Event "Marienbad Open 2025 - B1 IM Round Robin"]
[Site "Continental hotel, Marianske Lazne"]
[Date "2025.01.23"]
[Round "7"]
[Board "2"]
[White "Smolik, Jachym"]
[Black "Jurek, Josef"]
[Result "1-0"]
[WhiteElo "2309"]
[BlackElo "2196"]
[PlyCount "0"]
[EventDate "2025.01.18"]
[EventRounds "9"]
[EventCountry "CZE"]

1. Nf3 Nf6 2. c4 b6 3. g3 c5 4. Bg2 Bb7 5. O-O g6 6. Nc3 Bg7 7. d4 cxd4 8. Qxd4 d6
9. Rd1 Nbd7 10. Be3 Rc8 11. Rac1 a6 12. b3 O-O 13. Qh4 Rc7 14. Bh6 Qb8 15. Ng5 Bxg2
16. Kxg2 e6 17. Bxg7 Kxg7 18. Rxd6 h6 19. Nge4 g5 20. Qh3 b5 21. Rd4 bxc4 22. bxc4
Nxe4 23. Nxe4 Nc5 24. Nxc5 Rxc5 25. g4 Qb2 26. Qc3 Qxc3 27. Rxc3 Rfc8 28. Kf3 Ra5
29. a3 Rac5 30. Ke3 e5 31. Re4 Kf6 32. Kd3 Rd8+ 33. Kc2 Ke6 34. Rh3 f6 35. Rxh6 Rd4
36. Rxd4 exd4 37. Kd3 Ra5 38. Kxd4 Rxa3 39. h4 gxh4 40. g5 Ra2 41. Rxf6+ Ke7 42.
Ke3 a5 43. Kf3 a4 44. Rh6 h3 45. Rxh3  1-0

[Event "Marienbad Open 2025 - B1 IM Round Robin"]
[Site "Continental hotel, Marianske Lazne"]
[Date "2025.01.23"]
[Round "7"]
[Board "3"]
[White "Dylong, Antoni"]
[Black "Xu, Yang"]
[Result "1/2-1/2"]
[WhiteElo "2217"]
[BlackElo "2238"]
[PlyCount "0"]
[EventDate "2025.01.18"]
[EventRounds "9"]
[EventCountry "CZE"]

1. e4 c6 2. d4 d5 3. Nc3 dxe4 4. Nxe4 Nf6 5. Nxf6+ gxf6 6. c3 Qd5 7. Nf3 Rg8 8. Be3
Be6 9. c4 Qh5 10. Qb3 b6 11. O-O-O Bh6 12. Bxh6 Qxh6+ 13. Qe3 Qxe3+ 14. fxe3 Bf5
15. Nh4 Be4 16. Be2 Nd7 17. Rhg1 e6 18. Rdf1 c5 19. Bf3 Bxf3 20. gxf3 Ke7 21. Kd2
Rgd8 22. Rg7 Nf8 23. Kc3 Ng6 24. Rxh7 Rg8 25. Nxg6+ Rxg6  1/2-1/2

[Event "Marienbad Open 2025 - B1 IM Round Robin"]
[Site "Continental hotel, Marianske Lazne"]
[Date "2025.01.23"]
[Round "7"]
[Board "4"]
[White "Papasimakopoulos, Alexandros"]
[Black "Dunnington, Angus J"]
[Result "1-0"]
[WhiteElo "2379"]
[BlackElo "2259"]
[PlyCount "0"]
[EventDate "2025.01.18"]
[EventRounds "9"]
[EventCountry "CZE"]

1. d4 g6 2. c4 Bg7 3. e4 c5 4. d5 d6 5. Bd3 e6 6. h3 exd5 7. exd5 Ne7 8. Nf3 O-O
9. O-O b5 10. cxb5 a6 11. Nc3 Nd7 12. Re1 Nf6 13. a4 axb5 14. Bxb5 Bb7 15. Bc4 Nf5
16. Bf4 Nd4 17. Nxd4 cxd4 18. Nb5 Nxd5 19. Bxd6 Qg5 20. Qg4 Qxg4 21. hxg4 Rfd8 22.
Be5 Nb6 23. Bxg7 Kxg7 24. Bb3 Bc6 25. g5 Bxb5 26. axb5 Rxa1 27. Rxa1 f6 28. f4 h6
29. Ra7+ Rd7 30. Rxd7+ Nxd7 31. gxh6+ Kxh6 32. Kf2  1-0

[Event "Marienbad Open 2025 - B1 IM Round Robin"]
[Site "Continental hotel, Marianske Lazne"]
[Date "2025.01.23"]
[Round "7"]
[Board "5"]
[White "Smietanska, Wiktoria"]
[Black "Del Rey, Diego"]
[Result "0-1"]
[WhiteElo "2157"]
[BlackElo "2275"]
[PlyCount "0"]
[EventDate "2025.01.18"]
[EventRounds "9"]
[EventCountry "CZE"]

1. e4 e6 2. d4 d5 3. Nd2 Nc6 4. Ngf3 Nf6 5. e5 Nd7 6. Be2 f6 7. exf6 Qxf6 8. Nf1
Bd6 9. Ne3 O-O 10. O-O Nb6 11. c4 dxc4 12. Nxc4 Nxc4 13. Bxc4 Kh8 14. b3 e5 15. Ng5
Bf5 16. d5 Nd4 17. Be3 Qg6 18. Bxd4 exd4 19. f4 d3 20. Qd2 a5 21. a3 Rfe8 22. Rae1
Rxe1 23. Qxe1 Qf6 24. Kh1 h6 25. Ne4 Qd4 26. Nxd6 cxd6 27. Rf2 a4 28. Ra2 b5 29.
Bxb5 axb3 30. Rd2 Rxa3 31. Rd1 Be4 32. Qg3 Ra1 33. Qg4 Rxd1+ 34. Qxd1 d2  0-1

[Event "Marienbad Open 2025 - B1 IM Round Robin"]
[Site "Continental hotel, Marianske Lazne"]
[Date "2025.01.24"]
[Round "8"]
[Board "1"]
[White "Prazak, Daniel"]
[Black "Del Rey, Diego"]
[Result "1/2-1/2"]
[WhiteElo "2314"]
[BlackElo "2275"]
[PlyCount "0"]
[EventDate "2025.01.18"]
[EventRounds "9"]
[EventCountry "CZE"]

1. e4 c5 2. Nf3 Nc6 3. Bb5 g6 4. O-O Bg7 5. Re1 Nf6 6. e5 Nd5 7. Nc3 Nc7 8. Bxc6
dxc6 9. Ne4 b6 10. h3 O-O 11. d3  1/2-1/2